000 00621nam a2200241Ia 4500
005 20260429111932.0
008 260429s9999||||xx |||||||||||||| ||und||
020 _a9789394883352
041 _aEnglish
082 _a512.5
_bKHA
100 _aKhattar, Dinesh
245 0 _aLinear algebra /
_cDinesh Khattar
250 _a1st ed.
260 _aNew Delhi :
_bAne Books Pvt. Ltd.,
_c2023.
300 _axiii, 490 p.; hb
650 _a Mathematics
650 _a Matrix theory
650 _a Vector spaces
650 _aLinear algebra
700 _a Agrawal, Neha
700 _a Tandon, Abhishek
942 _cTB
999 _c51510
_d51510